000 00225nam a2200085Ia 4500
008 150509s9999 xx 000 0 und d
082 _aWBP 305.23 EVA
100 _aEvans, Judith L.Myers, Robert G.
245 _aEarly childhood counts
999 _c9625
_d9625